000 00473cam a2200193ua 4500
020 _c7.00
041 _aeng
_h
082 _a547
_bPAV/OR
100 _aPavlov, B .
245 _aOrganic chemistry:a text book /
_cB Pavlov.
_hTextual Documents
250 _a1 /
_b.
260 _aMoscow :
_bForeign Language Publishing House ,
_c1998.
300 _a568 ; .
365 _a7.00
504 _a
700 1 _aTerentyen, A .
942 _cBK
999 _c3204
_d3204